000
00248nam a2200085Ia 4500
245
0
_a
Sexually transmitted diseases
100
_a
NAFF, Clay Farris Detroit [Mich.], [c.2009] 1st ed
942
_c
BK
008
210818s9999 xx 000 0 und d
999
_c
430002
_d
430001